Formula one drivers line-up 1993 - Statistics

General Stats
  • This quiz has been taken 122 times
  • The average score is 22 of 35
Answer Stats
Constructor Rounds Driver Nationality % Correct
Williams All Alain Prost France
93%
Williams All Damon Hill UK
91%
McLaren All Ayrton Senna Brazil
85%
Benetton All Michael Schumacher Germany
78%
McLaren 14-16 Mika Häkkinen Finland
76%
Jordan All Rubens Barrichello Brazil
76%
Ferrari All Gerhard Berger Austria
75%
Ferrari All Jean Alesi France
71%
Benetton All Riccardo Patrese Italy
71%
McLaren 1-13 Michael Andretti USA
69%
Sauber All JJ Lehto Finland
66%
Jordan 15-16 Eddie Irvine UK
65%
Jordan 3-12 Thierry Boutsen Belgium
65%
Footwork All Aguri Suzuki Japan
63%
Tyrrell All Andrea de Cesaris Italy
63%
Lotus All Johnny Herbert UK
62%
Tyrrell All Ukyo Katayama Japan
62%
Ligier All Martin Brundle UK
60%
Larrousse 15-16 Toshio Suzuki Japan
60%
Ligier All Mark Blundell UK
59%
Lola 1-14 Michele Alboreto Italy
59%
Lotus 1-12 Alessandro Zanardi Italy
56%
Minardi 1-14 Christian Fittipaldi Brazil
56%
Footwork All Derek Warwick UK
56%
Sauber All Karl Wendlinger Austria
56%
Lotus 13-16 Pedro Lamy Portugal
56%
Larrousse 1-14 Phillipe Alliot France
56%
Minardi 9-16 Pierluigi Martini Italy
53%
Jordan 1-2 Ivan Capelli Italy
51%
Lola 1-14 Luca Badoer Italy
51%
Jordan 14 Emanuele Naspetti Italy
50%
Larrousse All Érik Comas France
50%
Minardi 1-8 Fabrizio Barbazza Italy
44%
Jordan 13 Marco Apicella Italy
43%
Minardi 15-16 Jean-Marc Gounon France
41%
No matching quizzes found
Score Distribution
Percent of People with Each Score
Percentile by Number Answered
Your Score History
You have not taken this quiz